000 00733nam a2200241Ia 4500
003 OSt
005 20220923213814.0
006 a|||||r|||| 00| 0
007 ta
008 220922b |||||||| |||| 00| 0 hin d
024 _a164,671
037 _cTextual
040 _aARTS
_cARTS
_bhin
041 _2hin
_ahin
082 _aO152,1M90,1, H7
100 _aशुक्ल, रमाशंकर
_9156279
245 0 _aशैवाल
246 _aShaivāla
260 _aप्रयाग
_b हिन्दी प्रेस
_c1947
650 _aहिन्दी साहित्य
_9156264
942 _hO152,1M90,1, H7
_cTEXL
_2CC
999 _c319150
_d319150